Die 50 Städte mit den meisten Einwohnern in Hessen - Statistiken

Allgemein
  • Dieses Quiz wurde 73 mal gespielt
    34 seit der letzten Aktualisierung
  • Das Durchschnittsergebnis liegt bei 31 aus 50
Antwortstatistiken
Einwohner Stadt % Korrekt
775.790 Frankfurt
97%
94.996 Gießen
97%
78.203 Marburg
97%
135.490 Offenbach
97%
285.522 Wiesbaden
97%
164.792 Darmstadt
94%
204.687 Kassel
94%
70.366 Fulda
90%
103.184 Hanau
87%
55.995 Bad Homburg
81%
36.506 Limburg
81%
67.656 Rüsselsheim
81%
54.629 Wetzlar
77%
31.131 Friedberg
71%
26.614 Groß-Gerau
71%
40.009 Langen
71%
30.770 Bad Hersfeld
68%
33.809 Bad Nauheim
65%
36.021 Bad Vilbel
65%
28.298 Baunatal
65%
39.420 Neu-Isenburg
65%
46.683 Rodgau
65%
27.528 Butzbach
61%
42.389 Dreieich
61%
27.610 Heppenheim
61%
40.412 Hofheim
61%
39.698 Maintal
61%
47.241 Oberursel
61%
41.758 Bensheim
58%
23.841 Gelnhausen
58%
23.174 Bad Soden
55%
23.533 Dillenburg
55%
35.268 Dietzenbach
52%
25.709 Idstein
52%
30.820 Taunusstein
52%
26.291 Weiterstadt
48%
25.937 Friedrichsdorf
45%
25.531 Obertshausen
45%
25.299 Pfungstadt
45%
28.210 Griesheim
42%
23.253 Karben
42%
24.089 Korbach
42%
33.053 Lampertheim
42%
29.452 Mühlheim
42%
34.348 Viernheim
42%
28.835 Rödermark
39%
29.106 Kelkheim
35%
24.464 Riedstadt
35%
28.720 Hattersheim
32%
35.359 Mörfelden-Walldorf
32%
Keine übereinstimmenden Quizze gefunden
Verteilung der Resultate
Anzahl Personen mit jedem Resultat
Perzentil nach korrekt beantworteten Fragen
Ihre Resultats-Entwicklung
Sie haben dieses Quiz seit der letzten Aktualisierung nicht gespielt